000
00270nam a2200097Ia 4500
001
664975
005
20250826160241.0
008
250824s9999 xx 000 0 und d
245
0
_a
Adli Araştırmalar Gerçek mi Kurgu mu?
_c
Leela Burnscott
260
_b
TÜBİTAK YAYINLARI
999
_c
664975
_d
664975